书目信息 |
| 题名: |
班级活动与班集体教育
|
|
| 作者: | 本书编写组编 | |
| 分册: | ||
| 出版信息: | 广州 广东世界图书出版公司 2021.11 |
|
| 页数: | 180页 | |
| 开本: | 23cm | |
| 丛书名: | 班级活动管理丛书 | |
| 单 册: | ||
| 中图分类: | G632.3 , G632.421 | |
| 科图分类: | ||
| 主题词: | 活动课程--huo dong ke cheng--课程设计--中小学 , 班级--ban ji--教育管理--中小学 | |
| 电子资源: | ||
| ISBN: | 978-7-5100-3347-6 | |
| 000 | 01013nam 2200277 450 | |
| 001 | 012001003060 | |
| 005 | 20140203121544.0 | |
| 010 | @a978-7-5100-3347-6@dCNY38.80 | |
| 099 | @aCAL 012011314696 | |
| 100 | @a20220905d2011 em y0chiy50 ea | |
| 101 | 0 | @achi |
| 102 | @aCN@b440000 | |
| 105 | @ay z 000yy | |
| 106 | @ar | |
| 200 | 1 | @a班级活动与班集体教育@Aban ji huo dong yu ban ji ti jiao yu@f本书编写组编 |
| 210 | @a广州@c广东世界图书出版公司@d2021.11 | |
| 215 | @a180页@d23cm | |
| 225 | 2 | @a班级活动管理丛书@Aban ji huo dong guan li cong shu |
| 330 | @a本书对班级活动与其教育的阐述主要围绕综合实践活动的四大制定领域包括研究性学习、劳动与技术教育、信息技术教育以及社区服务与社会实践, 涉及综合实践活动课程的理论和实践的诸多方面。 | |
| 410 | 0 | @12001@a班级活动管理丛书 |
| 606 | 0 | @a活动课程@Ahuo dong ke cheng@x课程设计@x中小学 |
| 606 | 0 | @a班级@Aban ji@x教育管理@x中小学 |
| 690 | @aG632.3@v4 | |
| 690 | @aG632.421@v4 | |
| 801 | 0 | @aCN@bAHXH@c20221111 |
| 905 | @b1375636-8@dG632.3@e1519@f3 | |
| 班级活动与班集体教育/本书编写组编.-广州:广东世界图书出版公司,2021.11 |
| 180页;23cm.-(班级活动管理丛书) |
| ISBN 978-7-5100-3347-6:CNY38.80 |
| 本书对班级活动与其教育的阐述主要围绕综合实践活动的四大制定领域包括研究性学习、劳动与技术教育、信息技术教育以及社区服务与社会实践, 涉及综合实践活动课程的理论和实践的诸多方面。 |
| ● |
| 相关链接 |
|
|
|
|
正题名:班级活动与班集体教育
索取号:G632.3/1519
 
预约/预借
| 序号 | 登录号 | 条形码 | 馆藏地/架位号 | 状态 | 备注 |
| 1 | 1375636 | 213756363 | 第一样本阅览室/ [索取号:G632.3/1519] | 在馆 | |
| 2 | 1375637 | 213756372 | 第四借阅区/ [索取号:G632.3/1519] | 在馆 | |
| 3 | 1375638 | 213756381 | 第四借阅区/ [索取号:G632.3/1519] | 在馆 |